Alle Millionenstädte Europas - Statistiken

Allgemein
  • Dieses Quiz wurde 121 mal gespielt
  • Das Durchschnittsergebnis liegt bei 22 aus 33
Antwortstatistiken
# Einwohner Antwort % Korrekt
5 3.685.000 Berlin
99%
3 9.090.000 London
99%
17 1.505.000 München
97%
13 1.863.000 Hamburg
96%
6 3.417.000 Madrid
95%
2 12.456.000 Moskau
95%
9 2.048.000 Paris
95%
8 2.747.000 Rom
95%
15 1.703.000 Barcelona
94%
1 15.702.000 Istanbul
94%
31 1.025.000 Köln
92%
12 1.864.000 Warschau
92%
16 1.686.000 Budapest
90%
4 5.384.000 Sankt Petersburg
90%
20 1.366.000 Mailand
89%
10 2.029.000 Wien
89%
14 1.722.000 Bukarest
85%
7 2.952.000 Kiew
83%
19 1.394.000 Prag
83%
21 1.296.000 Sofia
72%
25 1.184.000 Birmingham
66%
24 1.198.000 Belgrad
65%
11 1.995.000 Minsk
63%
32 1.011.000 Odessa
40%
18 1.421.000 Charkiw
33%
22 1.257.000 Kasan
26%
33 1.005.000 Wolgograd
20%
27 1.138.000 Rostow am Don
19%
23 1.244.000 Nischni Nowgorod
17%
28 1.126.000 Ufa
16%
26 1.145.000 Samara
14%
30 1.049.000 Perm
10%
29 1.051.000 Woronesch
9%
Keine übereinstimmenden Quizze gefunden
Verteilung der Resultate
Anzahl Personen mit jedem Resultat
Perzentil nach korrekt beantworteten Fragen
Ihre Resultats-Entwicklung
Sie haben dieses Quiz noch nicht gespielt